Normal view
MARC view
Entry Personal Name
001 - CONTROL NUMBER
- control field: 1237221
003 - CONTROL NUMBER IDENTIFIER
- control field: OSt
005 - DATE AND TIME OF LATEST TRANSACTION
- control field: 20260430150340.0
008 - FIXED-LENGTH DATA ELEMENTS
- fixed length control field: 260430|| aca||aabn | a|a d
040 ## - CATALOGING SOURCE
- Original cataloging agency: OSt
- Transcribing agency: OSt
100 ## - HEADING--PERSONAL NAME
- Personal name: Kashyap Jyoti Au.; Singh Udaibir Gu
670 ## - SOURCE DATA FOUND
- Source citation: Work cat.: (OSt)1849571: Kashyap Jyoti Au.; Singh Udaibir Gu., Study and Analysis of Absorption Enhancement by Surface Texturzation in Solar Cell Structure, 2023
